[Event "BEL-ch U18"]
[Site "Blankenberge"]
[Date "2015.04.18"]
[Round "9"]
[White "Massay, Sarah"]
[Black "Bondroit, Stef"]
[Result "0-1"]
[WhiteElo "1756"]
[BlackElo "1533"]
[PlyCount "76"]
[EventDate "2015.04.12"]
[EventType "swiss"]
[EventRounds "9"]
[EventCountry "BEL"]
[SourceTitle "CBM 166 Extra"]
[Source "ChessBase"]
[SourceDate "2015.06.18"]
[SourceVersion "1"]
[SourceVersionDate "2015.06.18"]
[SourceQuality "1"]

1. e4 d6 2. d4 Nf6 3. f3 c6 4. Nc3 e6 5. Nge2 Be7 6. Ng3 a6 7. Be2 b5 8. a3 Bb7 9. 0-0 d5 10. e5 Nfd7 11. f4 c5 12. Be3 Nc6 13. Kh1 Rc8 14. b4 cxd4 15. Bxd4 Nxd4 16. Qxd4 Nb6 17. f5 exf5 18. Nxf5 0-0 19. Rf3 Nc4 20. Nxg7 Kxg7 21. e6+ Bf6 22. Qg4+ Kh8 23. Qh5 fxe6 24. Rh3 Qe7 25. Bg4 Rc7 26. Re1 e5 27. Ne2 Ne3 28. Ng3 Nxg4 29. Qxg4 Bc8 30. Nf5 Bxf5 31. Qxf5 Rg8 32. Rf1 Rf8 33. Rh6 Rc6 34. g4 Qg7 35. g5 Be7 36. Qxf8+ Bxf8 37. Rxc6 d4 38. Rc8 Qb7+ 0-1

[Event "BEL-ch U18"]
[Site "Blankenberge"]
[Date "2015.04.17"]
[Round "8"]
[White "Chimakadze, Giorgi"]
[Black "Massay, Sarah"]
[Result "1-0"]
[WhiteElo "1571"]
[BlackElo "1756"]
[PlyCount "81"]
[EventDate "2015.04.12"]
[EventType "swiss"]
[EventRounds "9"]
[EventCountry "BEL"]
[SourceTitle "CBM 166 Extra"]
[Source "ChessBase"]
[SourceDate "2015.06.18"]
[SourceVersion "1"]
[SourceVersionDate "2015.06.18"]
[SourceQuality "1"]

1. e4 e5 2. Nf3 Nc6 3. Bc4 Bc5 4. 0-0 d6 5. h3 Nf6 6. d3 h6 7. c3 0-0 8. Bb3 Be6 9. Bc2 d5 10. exd5 Bxd5 11. Nbd2 Re8 12. Re1 Qd6 13. Ne4 Nxe4 14. dxe4 Bc4 15. Qxd6 Bxd6 16. Be3 Nd8 17. a4 a5 18. Nd2 Ba6 19. Nb3 b6 20. g3 Ne6 21. Kg2 f6 22. Rad1 Rad8 23. Rd2 Kf8 24. Red1 Ke7 25. Bd3 Bb7 26. f3 Rh8 27. Bc4 Bc8 28. Bb5 g6 29. Rd3 Ng7 30. c4 c5 31. Bc6 Ba6 32. Bd5 Bc8 33. Na1 f5 34. Bf2 Be6 35. Nc2 Bc8 36. Na3 Ba6 37. exf5 gxf5 38. g4 f4 39. Bh4+ Kd7 40. Bxd8 Rxd8 41. Bb7 1-0

[Event "BEL-ch U18"]
[Site "Blankenberge"]
[Date "2015.04.14"]
[Round "4"]
[White "Ramacker, Quinten"]
[Black "Massay, Sarah"]
[Result "1-0"]
[WhiteElo "2070"]
[BlackElo "1756"]
[PlyCount "87"]
[EventDate "2015.04.12"]
[EventType "swiss"]
[EventRounds "9"]
[EventCountry "BEL"]
[SourceTitle "CBM 166 Extra"]
[Source "ChessBase"]
[SourceDate "2015.06.18"]
[SourceVersion "1"]
[SourceVersionDate "2015.06.18"]
[SourceQuality "1"]

1. e4 e5 2. Nf3 Nc6 3. Bb5 a6 4. Ba4 Nf6 5. 0-0 Be7 6. Re1 b5 7. Bb3 0-0 8. c3 d5 9. exd5 Nxd5 10. d4 exd4 11. Nxd4 Nxd4 12. Bxd5 Qxd5 13. Rxe7 Qd6 14. Re1 Nf5 15. Qxd6 Nxd6 16. Bf4 Bb7 17. Bxd6 cxd6 18. Nd2 Rfe8 19. Nb3 Bd5 20. Rxe8+ Rxe8 21. Nd4 Re5 22. h3 g6 23. a4 Bc4 24. axb5 Bxb5 25. b3 d5 26. Kh2 Bd3 27. Ra5 f6 28. Ra2 Kf8 29. Rd2 Bf1 30. Nf3 Rf5 31. Kg1 Bb5 32. Ra2 Ke8 33. Ra5 Kd8 34. Nd4 Re5 35. Nxb5 axb5 36. Rxb5 Kc7 37. Kf1 Kc6 38. Rb8 Re7 39. g3 Rc7 40. Ke2 Kc5 41. Kd3 Kd6 42. Kd4 Re7 43. Rb6+ Kc7 44. Rxf6 1-0

[Event "BEL-ch U16"]
[Site "Blankenberge"]
[Date "2014.04.16"]
[Round "6"]
[White "Massay, Sarah"]
[Black "Ramacker, Quinten"]
[Result "1-0"]
[WhiteElo "1555"]
[BlackElo "1912"]
[PlyCount "37"]
[EventDate "2014.04.??"]
[EventType "swiss"]
[EventRounds "9"]
[EventCountry "BEL"]
[SourceTitle "EXT 2015"]
[Source "ChessBase"]
[SourceDate "2014.11.20"]
[SourceVersion "1"]
[SourceVersionDate "2014.11.20"]
[SourceQuality "1"]

1. e4 c5 2. Nc3 e6 3. f4 Nc6 4. Bc4 a6 5. a4 Nge7 6. d3 d5 7. Ba2 d4 8. Nce2 b5 9. Nf3 Bb7 10. 0-0 Nc8 11. Qe1 Be7 12. Qg3 0-0 13. f5 exf5 14. Bh6 g6 15. Bxf8 Bxf8 16. exf5 Kg7 17. fxg6 Bd6 18. Qh3 fxg6 19. Ng5 1-0

[Event "BEL-ch U16"]
[Site "Blankenberge"]
[Date "2014.04.14"]
[Round "3"]
[White "Ingelaere, Arthur"]
[Black "Massay, Sarah"]
[Result "1-0"]
[WhiteElo "1645"]
[BlackElo "1555"]
[PlyCount "41"]
[EventDate "2014.04.??"]
[EventType "swiss"]
[EventRounds "9"]
[EventCountry "BEL"]
[SourceTitle "EXT 2015"]
[Source "ChessBase"]
[SourceDate "2014.11.20"]
[SourceVersion "1"]
[SourceVersionDate "2014.11.20"]
[SourceQuality "1"]

1. c4 e5 2. Nf3 Nf6 3. Nxe5 Bd6 4. Nf3 b6 5. g3 Bb7 6. Bg2 0-0 7. Nc3 Nc6 8. 0-0 Re8 9. d3 Qe7 10. Bg5 h6 11. Bd2 Bb4 12. Re1 Bc5 13. a3 Ng4 14. e3 Nf6 15. d4 Bd6 16. e4 Nxd4 17. Nxd4 Be5 18. Nf5 Qe6 19. Qb3 c6 20. Bh3 Nh7 21. Nxh6+ 1-0

[Event "BEL-ch U16"]
[Site "Blankenberge"]
[Date "2014.04.14"]
[Round "2"]
[White "Massay, Sarah"]
[Black "De Block, Yordi"]
[Result "1/2-1/2"]
[WhiteElo "1555"]
[BlackElo "1876"]
[PlyCount "54"]
[EventDate "2014.04.??"]
[EventType "swiss"]
[EventRounds "9"]
[EventCountry "BEL"]
[SourceTitle "EXT 2015"]
[Source "ChessBase"]
[SourceDate "2014.11.20"]
[SourceVersion "1"]
[SourceVersionDate "2014.11.20"]
[SourceQuality "1"]

1. e4 d6 2. d4 g6 3. Be3 Bg7 4. f3 a6 5. Nc3 b5 6. a3 Nd7 7. Qd2 Bb7 8. Bd3 c5 9. d5 Rc8 10. g4 Qa5 11. Nh3 c4 12. Be2 b4 13. Nd1 c3 14. bxc3 bxc3 15. Qc1 Ne5 16. Rb1 Ba8 17. 0-0 h5 18. gxh5 Nd7 19. Nf4 g5 20. Nh3 Ngf6 21. Nxg5 Nxh5 22. Nh3 Nc5 23. Ng5 Bf6 24. Rf2 Rg8 25. Rg2 Na4 26. Rb3 Nc5 27. Rb1 Na4 1/2-1/2

[Event "BEL-ch U16"]
[Site "Blankenberge"]
[Date "2014.04.13"]
[Round "1"]
[White "Vanhercke, Hugo"]
[Black "Massay, Sarah"]
[Result "0-1"]
[WhiteElo "1150"]
[BlackElo "1555"]
[PlyCount "102"]
[EventDate "2014.04.??"]
[EventType "swiss"]
[EventRounds "9"]
[EventCountry "BEL"]
[SourceTitle "EXT 2015"]
[Source "ChessBase"]
[SourceDate "2014.11.20"]
[SourceVersion "1"]
[SourceVersionDate "2014.11.20"]
[SourceQuality "1"]

1. e4 e5 2. Nf3 Nc6 3. d4 exd4 4. Nxd4 Bc5 5. Be3 Qf6 6. c3 Nge7 7. Nd2 Nxd4 8. cxd4 Bxd4 9. Bxd4 Qxd4 10. Nc4 Qxe4+ 11. Qe2 Qxe2+ 12. Bxe2 d5 13. Ne3 Be6 14. 0-0 0-0-0 15. Bg4 f5 16. Bh3 g5 17. g3 Rhf8 18. Rfe1 Ng6 19. Nc2 Bg8 20. Nd4 g4 21. Bf1 f4 22. Bd3 fxg3 23. hxg3 Kb8 24. Bf5 c5 25. Ne6 Bxe6 26. Bxe6 h5 27. Rad1 d4 28. Bc4 Rfe8 29. Bd3 Ne5 30. Be2 Re7 31. Rf1 Rde8 32. Bb5 Nf3+ 33. Kg2 Rc8 34. b3 a6 35. Bc4 b5 36. Bd3 c4 37. Bf5 Rc5 38. Bb1 c3 39. Rc1 Re2 40. Bd3 Rxa2 41. Be4 Nd2 42. Rfe1 Re5 43. Bb1 Rxe1 44. Rxe1 Nxb1 45. Rxb1 d3 46. Kf1 c2 47. Re1 d2 48. Re8+ Kc7 49. Ke2 c1Q 50. Re7+ Kd6 51. Rh7 d1Q# 0-1